LEADER 00921nam 2200253la 450 001 9910481136703321 005 20221102154752.0 035 $a(UK-CbPIL)2090321207 035 $a(CKB)5500000000082977 035 $a(EXLCZ)995500000000082977 100 $a20221102d1482 uy | 101 0 $alat 135 $aurcn||||a|bb| 200 10$aCommentariolus in prohemium Historiae naturalis Plinii. Add: Cornelius Vitellius: Epistola Parthenio Benacensi 210 $aVenice $cH 5268 Tip. del Cicero$d1482 215 $aOnline resource (v.) 300 $aReproduction of original in Biblioteca Nazionale Centrale di Firenze. 700 $aPerotti$b Niccolo?$f1430-1480.$0384913 801 0$bUk-CbPIL 801 1$bUk-CbPIL 906 $aBOOK 912 $a9910481136703321 996 $aCommentariolus in prohemium Historiae naturalis Plinii. Add: Cornelius Vitellius: Epistola Parthenio Benacensi$92212400 997 $aUNINA